[Event "Istanbul Open 2018"]
[Site "Istanbul"]
[Date "2018.09.04"]
[Round "5"]
[White "Abishli, Oghuz"]
[Black "Aydin, Kaan Ayhan"]
[Result "1-0"]
[WhiteElo "2099"]
[BlackElo "1877"]
[Annotator "NA RC"]
[PlyCount "63"]
[EventDate "2018.09.02"]
[EventType "swiss"]
[EventCountry "TUR"]
[SourceTitle "playchess.com"]
[Source "ChessBase"]
[SourceQuality "1"]
[TimeControl "5400+30"]

1. d4 {[%emt 0:00:30]} Nf6 {[%emt 0:00:30]} 2. c4 {[%emt 0:00:00]} e6 {[%emt 0:00:00]} 3. Nc3 {[%emt 0:00:00]} Bb4 {[%emt 0:00:00]} 4. a3 {[%emt 0:01:30]} Bxc3+ {[%emt 0:00:00]} 5. bxc3 {[%emt 0:00:00]} O-O {[%emt 0:03:00]} 6. f3 {[%emt 0:00:00]} d5 {[%emt 0:01:30]} 7. cxd5 {[%emt 0:00:30]} exd5 {[%emt 0:00:30]} 8. e3 {[%emt 0:00:30] [#]} c5 $1 {[%emt 0:03:30] LiveBook: 191 Games} 9. Bd3 {[%emt 0:00:30]} b6 {[%emt 0:01:30]} 10. Ne2 {[%emt 0:00:30]} Ba6 {[%emt 0:00:30]} 11. O-O {[%emt 0:00:30]} Bxd3 {[%emt 0:00:30]} 12. Qxd3 {[%emt 0:00:00]} Nc6 {[%emt 0:00:30]} 13. e4 {[%emt 0:06:00] E49: Nimzo-Indian: Rubinstein: 5 Bd3 d5 6 a3 Bxc3+ 7 bxc3} h6 {[%emt 0:04:30]} 14. e5 {[%emt 0:02:30]} Nh7 $146 {[%emt 0:03:30]} ({Predecessor:} 14... Ne8 15. Nf4 Rc8 16. Be3 c4 17. Qf5 Ne7 18. Qh3 Rc6 19. a4 f5 20. exf6 Rfxf6 {1-0 (38) Rakhmanov,A (2639)-Das,S (2434) Dubai 2015}) 15. f4 {[%emt 0:07:30]} f5 {[%emt 0:02:30]} ({Black should play} 15... f6 $14) 16. dxc5 {[%emt 0:02:30]} bxc5 {[%emt 0:00:30]} 17. Be3 {[%emt 0:00:30]} c4 {[%emt 0:02:30]} 18. Qd2 {[%emt 0:01:30]} Qa5 {[%emt 0:02:30]} 19. Rfd1 {[%emt 0:06:30]} Rfd8 {[%emt 0:00:30]} 20. Rab1 {[%emt 0:02:30]} Nf8 $16 {[%emt 0:05:30]} 21. a4 {[%emt 0:02:30]} Ne6 {[%emt 0:02:30]} 22. Qc2 {[%emt 0:06:30]} Nc5 {[%emt 0:07:30]} 23. Qxf5 {[%emt 0:09:30]} Rf8 {[%emt 0:05:30]} 24. Qg6 {[%emt 0:02:30]} Rac8 {[%emt 0:00:30]} 25. Rxd5 {[%emt 0:11:30]} Ne7 {[%emt 0:00:30]} 26. Rxc5 {[%emt 0:00:30]} Rxc5 {[%emt 0:00:30]} 27. Qe6+ {[%emt 0:00:00]} Rf7 {[%emt 0:01:30]} 28. Rb8+ {[%emt 0:01:00]} Rc8 {[%emt 0:00:30]} 29. Rxc8+ {[%emt 0:00:00]} Nxc8 {[%emt 0:00:00]} 30. Qxc8+ {[%emt 0:00:00]} Kh7 {[%emt 0:00:00]} 31. Qxc4 {[%emt 0:00:30]} Rc7 {[%emt 0:00:30]} 32. Qb5 {[%emt 0:00:30]} 1-0

[Event "Istanbul Open 2018"]
[Site "Istanbul"]
[Date "2018.09.04"]
[Round "5"]
[White "Guven, Oguz Kagan"]
[Black "Darban, Morteza"]
[Result "0-1"]
[WhiteElo "2022"]
[BlackElo "2333"]
[Annotator "TA"]
[PlyCount "106"]
[EventDate "2018.09.02"]
[EventType "swiss"]
[EventCountry "TUR"]
[SourceTitle "playchess.com"]
[Source "ChessBase"]
[SourceQuality "1"]

{[%evp 33,106,0,0,-24,-33,-29,-37,-59,-58,-66,-48,-86,-94,-105,-105,-108,-101,-121,-117,-131,-132,-138,-135,-138,-120,-137,-135,-143,-145,-143,-114,-107,-104,-183,-183,-179,-162,-241,-166,-306,-226,-207,-216,-214,-195,-190,-141,-145,-129,-142,-122,-258,-269,-261,-258,-250,-260,-248,-260,-351,-356,-360,-358,-358,-352,-342,-327,-318,-305,-393,-325,-397,-376,-333,-328]} 1. e4 c6 2. d4 d5 3. Nc3 dxe4 4. Nxe4 Bf5 5. Ng3 Bg6 6. Nf3 Nd7 7. h4 h6 8. h5 Bh7 9. Bd3 Bxd3 10. Qxd3 e6 11. Bd2 Ngf6 12. O-O-O Qc7 13. Ne4 O-O-O {[%cal Ba8d8,Bd8d6,Bd6d5][%mdl 32]} 14. g3 Nc5 15. Nxc5 Bxc5 16. Bf4 Bd6 {B19: Caro-Kann (Hauptvariante)} 17. Bxd6 Rxd6 {LiveBook: 7 Partien} 18. Qe2 (18. Ne5 c5 19. Qc4 Rd5 20. f4 Ne4 21. Rhe1 Nd6 22. Qa4 c4 23. Re3 Ra5 24. Qb4 Rxa2 {½-½ (60) Duda,J (2470)-Turov,M (2636) Sibenik 2012}) 18... Rd5 {Schwarz hat minimalen Vorteil.} 19. Ne5 c5 $146 ({Vorgänger:} 19... Rhd8 20. c3 Kb8 21. f4 c5 22. dxc5 Rxd1+ 23. Rxd1 Rxd1+ 24. Qxd1 Ne4 25. Qg1 Nxc5 26. Qxc5 Qxc5 27. Nd7+ Kc7 28. Nxc5 b6 29. Nd3 {1-0 (30) Borges,F (1926)-Baena,F (1991) Campinas 2009}) 20. Nf3 Rhd8 {[%cal Rc5d4,Bh8d8,Bd8d5,Bd5e5][%mdl 32]} 21. dxc5 Qxc5 22. Rxd5 Rxd5 (22... Nxd5 23. Re1 $11) 23. Rh4 Kd8 (23... Rxh5 $2 24. Rc4 $18) 24. Nd2 Re5 25. Qd3+ Ke7 {[%cal Re5e1] [#]} 26. Nf3 {Droht Tc4 und aus.} Rd5 (26... Qxf2 27. Nxe5 Qe1+ 28. Qd1 $14) 27. Rd4 Rxd4 28. Nxd4 Qa5 {zielt auf ...De1+ ab.} ({Natürlich nicht} 28... Qxh5 29. Qa3+ Kd7 30. Qxa7 $11) ({Bloß nicht} 28... Nxh5 29. Qe4 $17) 29. c3 Qxh5 30. Qc4 Qh1+ 31. Kd2 Qd5 32. Qb4+ Ke8 33. Kc2 (33. Qb5+ $17 Ke7 34. Qxd5 Nxd5 35. c4) 33... a6 $19 34. f3 Nd7 35. Qa4 (35. Qb3 $142) 35... g6 36. b4 (36. Qb3 $142) 36... e5 37. Qb3 Qd6 38. Ne2 Qc6 39. c4 Nb6 40. c5 Nd5 $36 {[%mdl 2048] Weiss steht unter starkem Druck.} 41. a3 b6 42. Kb2 (42. Nc3 $17 {kämpft weiter.} Ne3+ 43. Kb2) 42... bxc5 43. bxc5 Qxc5 44. Qb8+ {[#]} Kd7 $1 45. Qxe5 Qb5+ 46. Ka1 Qb3 47. Qb2 Qxb2+ ({Jedoch nicht} 47... Qxf3 48. Qb7+ Ke8 49. Qxa6 $19) 48. Kxb2 {[%mdl 4096] Endspiel KS-KS} h5 49. Kc2 Kd6 50. Kd3 Kc5 51. Nd4 Nc7 52. Ke4 Nb5 53. Nb3+ Kd6 {Precision: Weiß = 39%, Schwarz = 90%.} 0-1

[Event "Istanbul Open 2018"]
[Site "Istanbul"]
[Date "2018.09.04"]
[Round "5"]
[White "Kuseyri, Mehmet Ali"]
[Black "Nuri, Murad"]
[Result "0-1"]
[WhiteElo "1962"]
[BlackElo "2284"]
[Annotator "TA"]
[PlyCount "80"]
[EventDate "2018.09.02"]
[EventType "swiss"]
[EventCountry "TUR"]
[SourceTitle "playchess.com"]
[Source "ChessBase"]
[SourceQuality "1"]

{[%evp 19,80,7,0,0,0,0,-13,-17,-30,-30,-29,-29,-21,-39,-39,-33,-33,-43,-36,-46,-33,-36,-35,-42,-18,-17,-18,-21,-14,-9,-13,-42,-38,-37,-28,-22,-13,-57,-47,-69,-75,-183,-182,-189,-150,-197,-200,-164,-149,-556,-551,-543,-529,-504,-495,-492,-492,-649,-633,-631,-631,-633,-614]} 1. d4 d5 2. c4 e6 3. Nc3 c6 4. e3 {[%cal Be2e3,Be3e4][%mdl 32]} Bd6 5. Bd3 Nf6 6. Nf3 Nbd7 7. O-O O-O 8. e4 dxc4 9. Bxc4 e5 10. Bg5 exd4 {LiveBook: 11 Partien. D46: Damengambit (Halbslawisch)} (10... h6 11. Bh4 Qe7 12. Bg3 exd4 13. Bxd6 Qxd6 14. Qxd4 Qxd4 15. Nxd4 Ne5 16. Be2 g5 17. Rad1 Be6 18. f3 Rad8 19. Kf2 Nh5 {½-½ (87) Nikolic,P (2622)-Spoelman,W (2578) Netherlands 2017}) 11. Nxd4 Ne5 12. Bb3 h6 {Die Stellung ist ausgeglichen.} 13. Bh4 Ng6 14. Bg3 Bxg3 15. hxg3 Re8 $146 ({Vorgänger:} 15... Ng4 16. Nf3 Qa5 17. Ne2 Nf6 18. Qd2 Qh5 19. Nf4 Nxf4 20. Qxf4 {0-1 (42) Scekic,M (2391)-Kopec,D (2362) Schaumburg 2006}) 16. Nf5 Bxf5 17. exf5 Ne5 18. Qxd8 Raxd8 19. Rad1 Kf8 20. Rfe1 {[#] Und Txd8 würde nun gewinnen.} Nd3 21. Rxe8+ Rxe8 (21... Kxe8 {looks sharper.} 22. Rd2 Rd7 23. f3 b5 24. Nd5 Nxd5 25. Rxd3 Nb6) 22. Kf1 $1 (22. Rxd3 {führt zum Matt.} Re1+ 23. Kh2 Ng4+ 24. Kh3 Nxf2+ 25. Kh4 Rh1#) 22... Nc5 23. Bc2 a5 {[%cal Ba7a5,Ba5b4][%mdl 32]} 24. a3 b5 25. Rd6 Rc8 26. f3 b4 27. axb4 axb4 28. Ne4 Ke7 29. Rd4 Ncxe4 30. fxe4 $15 {[%mdl 4096] Endspiel KTL-KTS} (30. Bxe4 $17 {war angesagt.} c5 31. Rc4) 30... c5 $19 {[%cal Bc6c5,Bc5c4][%mdl 32]} 31. Rd2 Ng4 32. Ba4 Rd8 33. Rxd8 Kxd8 {KL-KS} 34. Bb3 $2 {[%mdl 8192] [#]} (34. Ke2 $17 {leistet mehr Widerstand.}) 34... c4 $1 {[%mdl 512] Schwarz steht klar auf Gewinn.} 35. Ba4 (35. Bxc4 Ne3+) 35... Ke7 36. Ke2 Kd6 37. Be8 f6 38. Bf7 Kc5 39. Kd2 Kd4 40. Bd5 Nf2 {Precision: Weiß = 35%, Schwarz = 82%.} 0-1

[Event "Istanbul Open 2018"]
[Site "Istanbul"]
[Date "2018.09.04"]
[Round "5"]
[White "Acarbay, Aydin"]
[Black "Sarikavak, Serdar Ýhsan"]
[Result "0-1"]
[WhiteElo "1894"]
[BlackElo "1798"]
[Annotator "NA RC"]
[PlyCount "100"]
[EventDate "2018.09.02"]
[EventType "swiss"]
[EventCountry "TUR"]
[SourceTitle "playchess.com"]
[Source "ChessBase"]
[SourceQuality "1"]
[TimeControl "5400+30"]

1. d4 {[%emt 0:00:30]} Nf6 {[%emt 0:00:30]} 2. Nf3 {[%emt 0:00:00]} g6 {[%emt 0:00:00]} 3. c4 {[%emt 0:00:00]} Bg7 {[%emt 0:00:00]} 4. g3 {[%emt 0:01:30]} O-O {[%emt 0:00:00]} 5. Bg2 {[%emt 0:00:00]} d6 {[%emt 0:00:00]} 6. O-O {[%emt 0:00:00]} Nc6 {[%emt 0:00:30]} 7. h3 {[%emt 0:06:30]} e5 {[%emt 0:02:30] E60: King's Indian: Unusual lines and Fianchetto Variation without Nc3} 8. dxe5 {[%emt 0:14:30]} (8. Nc3 exd4 9. Nxd4 Nxd4 10. Qxd4 Re8 11. Qd3 Nd7 12. b3 Nc5 13. Qd2 Bf5 14. Bb2 Ne4 15. Bxe4 Bxe4 16. f3 Bc6 17. e4 Qd7 18. g4 {½-½ (64) Adams,M (2724)-Jones,G (2653) Bunratty 2012}) 8... dxe5 {[%emt 0:02:30]} 9. Be3 $146 {[%emt 0:02:30]} ({Predecessor:} 9. Nc3 Be6 10. b3 h6 11. Be3 Qxd1 12. Rfxd1 Rfd8 13. Ne1 Ne8 14. Rac1 a6 15. Nd3 {1-0 (45) Cesal,J (2235)-Havlik,J (2282) Czechia 2008}) 9... Be6 {[%emt 0:01:30]} 10. Na3 {[%emt 0:02:30]} Qe7 {[%emt 0:06:30]} 11. Qb3 {[%emt 0:07:30]} a6 {[%emt 0:04:30]} 12. Rfd1 {[%emt 0:02:30]} h6 {[%emt 0:22:30]} 13. Qa4 {[%emt 0:14:30]} Nd7 {[%emt 0:10:30]} 14. Qc2 {[%emt 0:11:30]} f5 {[%emt 0:10:30]} 15. Nh4 {[%emt 0:12:30]} Kh7 {[%emt 0:05:30]} 16. Bd5 {[%emt 0:02:56]} e4 {[%emt 0:02:30]} 17. Ng2 {[%emt 0:02:58]} g5 {[%emt 0:02:30]} 18. Nb1 {[%emt 0:03:08]} ({White should try} 18. h4 $15) 18... Nde5 {[%emt 0:05:30]} 19. Nd2 {[%emt 0:00:22]} Rad8 {[%emt 0:02:38]} 20. Nb3 {[%emt 0:04:34]} b6 {[%emt 0:09:59]} (20... Nb4 $17 21. Bc5 Nxc2 22. Bxe7 Nxa1 23. Rxa1 Bc8 24. Bxd8 Rxd8) 21. a3 {[%emt 0:00:35]} Qf7 {[%emt 0:00:45]} 22. h4 {[%emt 0:04:31]} Bf6 {[%emt 0:01:21]} 23. hxg5 {[%emt 0:00:18]} hxg5 {[%emt 0:00:16]} 24. Qd2 {[%emt 0:01:11]} Nxc4 {[%emt 0:01:22]} 25. Bxe6 {[%emt 0:00:18]} Qxe6 {[%emt 0:00:53]} 26. Qc2 {[%emt 0:00:58]} Nxe3 {[%emt 0:02:27]} 27. Nxe3 {[%emt 0:00:23]} Be5 {[%emt 0:01:19]} 28. Rac1 {[%emt 0:00:43]} Rxd1+ {[%emt 0:01:25]} 29. Rxd1 {[%emt 0:00:09]} Kg7 {[%emt 0:02:09]} 30. Qc4 {[%emt 0:03:02]} Qxc4 {[%emt 0:00:59]} 31. Nxc4 {[%emt 0:00:01]} Bf6 {[%emt 0:00:24]} 32. a4 {[%emt 0:00:53]} b5 {[%emt 0:01:11]} ({Better is} 32... Kg6 $17 33. g4 fxg4) 33. axb5 {[%emt 0:00:06]} axb5 {[%emt 0:00:02]} 34. Na3 {[%emt 0:02:26]} Bxb2 {[%emt 0:00:59]} (34... b4 $5 {[%cal Rb4a3]} 35. Nc4 Rd8 36. Rxd8 Nxd8 $17) 35. Nxb5 {[%emt 0:00:04]} Rb8 {[%emt 0:00:40]} 36. Rd5 {[%emt 0:00:32]} Ne7 {[%emt 0:00:30]} (36... Ne5 $5 {[%cal Rc7c6]} 37. N3d4 Bxd4 38. Nxd4 Kf6 $17) 37. Rc5 $1 {[%emt 0:00:24]} Kf6 {[%emt 0:00:36]} 38. Na5 {[%emt 0:00:57]} c6 {[%emt 0:00:31]} (38... Be5 $15 39. Nxc7 Rc8 40. Nd5+ Ke6 41. Rxc8 Nxc8) 39. Na7 $2 {[%emt 0:00:55]} (39. Nxc6 $11 {und Weiss ist OK.} Rc8 40. Nba7) 39... Bd4 {[%emt 0:00:25]} 40. Rxc6+ {[%emt 0:00:32]} Nxc6 {[%emt 0:00:06]} 41. N7xc6 {[%emt 0:00:13]} Rb1+ {[%emt 0:00:16]} 42. Kg2 {[%emt 0:00:02]} Bb6 {[%emt 0:00:43]} 43. Nc4 $1 $11 {[%emt 0:00:12]} Bc7 {[%emt 0:00:44]} (43... Bc5 44. N6a5) 44. Ne3 {[%emt 0:00:15]} Bb6 $2 {[%emt 0:00:36]} (44... Bd6 $19 45. Nd5+ Ke6) 45. Nd5+ $2 {[%emt 0:01:42]} Ke6 {[%emt 0:00:28]} 46. Ne3 {[%emt 0:00:41]} Rc1 $19 {[%emt 0:00:35]} 47. Nb4 {[%emt 0:00:14]} Bxe3 {[%emt 0:00:30]} 48. fxe3 {[%emt 0:00:01]} Kd6 {[%emt 0:00:14]} 49. Kf2 {[%emt 0:00:59]} Rc4 {[%emt 0:00:23]} 50. Na2 {[%emt 0:00:23]} Ke5 {[%emt 0:00:58]} 0-1

[Event "Istanbul Open 2018"]
[Site "Istanbul"]
[Date "2018.09.04"]
[Round "5"]
[White "Ozveren, Ali Bulent"]
[Black "Akin, Yagiz Cinar"]
[Result "1-0"]
[WhiteElo "1849"]
[BlackElo "1963"]
[Annotator "NA RC"]
[PlyCount "119"]
[EventDate "2018.09.02"]
[EventType "swiss"]
[EventCountry "TUR"]
[SourceTitle "playchess.com"]
[Source "ChessBase"]
[SourceQuality "1"]
[TimeControl "5400+30"]

1. Nf3 {[%emt 0:10:30]} g6 {[%emt 0:00:30]} 2. g3 {[%emt 0:00:00]} Bg7 {[%emt 0:00:00]} 3. Bg2 {[%emt 0:01:00]} d6 {[%emt 0:00:00]} 4. O-O {[%emt 0:00:00]} Nd7 {[%emt 0:00:00]} 5. e4 {[%emt 0:00:00]} e5 {[%emt 0:00:00]} 6. d4 {[%emt 0:00:30]} Ne7 {[%emt 0:00:30]} 7. dxe5 {[%emt 0:16:30] A41: 1 d4 d6: Tartakower System and Modern Defence} (7. c4 O-O 8. Nc3 h6 9. Re1 Nc6 10. Be3 exd4 11. Nxd4 Nde5 12. Nxc6 bxc6 13. c5 Nc4 14. Qc1 Nxe3 15. Qxe3 Rb8 16. Rab1 Be6 17. cxd6 cxd6 18. Qxa7 {0-1 (43) Kempinski,R (2599)-Istratescu,A (2654) Warsaw 2012}) 7... dxe5 {[%emt 0:00:30] LiveBook: 7 Games} 8. Nc3 {[%emt 0:07:30]} O-O {[%emt 0:01:30]} 9. Bg5 {[%emt 0:03:30]} h6 {[%emt 0:01:30]} 10. Be3 {[%emt 0:00:00]} Nc6 $146 {[%emt 0:11:30]} ({Predecessor:} 10... Kh7 11. Qd3 c6 12. Rfd1 Qc7 13. Qc4 Nb6 {0-1 (53) Brumen,D (2351)-Dobosz,H (2389) Austria 2015}) 11. Qd2 {[%emt 0:03:00]} Kh7 {[%emt 0:00:00]} 12. Rad1 {[%emt 0:06:30]} Nb6 {[%emt 0:06:00]} 13. Qxd8 {[%emt 0:09:30]} Nxd8 {[%emt 0:03:30]} 14. Nb5 {[%emt 0:10:30]} Ne6 {[%emt 0:02:30]} 15. b3 {[%emt 0:01:30]} f5 {[%emt 0:03:30]} 16. exf5 {[%emt 0:05:30]} gxf5 {[%emt 0:00:30]} 17. Nh4 {[%emt 0:00:30]} f4 {[%emt 0:03:30]} 18. Bxb6 {[%emt 0:03:34]} axb6 {[%emt 0:02:30]} 19. Be4+ {[%emt 0:00:47]} Kg8 {[%emt 0:00:30]} 20. a4 {[%emt 0:02:11]} c6 {[%emt 0:01:30]} 21. Nd6 {[%emt 0:00:15]} Ng5 {[%emt 0:01:30]} 22. Nxc8 {[%emt 0:05:29]} Raxc8 {[%emt 0:00:30]} 23. f3 {[%emt 0:04:03]} Rcd8 {[%emt 0:07:30]} 24. Bd3 {[%emt 0:02:48]} fxg3 {[%emt 0:10:30]} (24... Kf7 $14) 25. hxg3 {[%emt 0:00:04]} Rfe8 {[%emt 0:01:30]} 26. Kg2 {[%emt 0:00:35]} Bf6 {[%emt 0:05:30]} 27. Nf5 {[%emt 0:00:35]} h5 {[%emt 0:02:30]} 28. Rh1 {[%emt 0:00:48]} Kf8 {[%emt 0:01:30]} 29. Rxh5 {[%emt 0:00:23]} Nxf3 {[%emt 0:01:30]} 30. Rh6 {[%emt 0:03:40]} Bg7 {[%emt 0:03:30]} 31. Nxg7 {[%emt 0:01:02]} Kxg7 {[%emt 0:00:30]} 32. Rh7+ {[%emt 0:00:33]} Kf6 {[%emt 0:02:30]} 33. Rf1 {[%emt 0:00:21]} e4 {[%emt 0:00:30]} 34. Bxe4 {[%emt 0:00:13]} Rxe4 {[%emt 0:00:30]} 35. Rxf3+ {[%emt 0:00:16]} Kg5 {[%emt 0:01:30]} 36. Rg7+ {[%emt 0:01:37]} Kh5 {[%emt 0:00:30]} 37. Rxb7 {[%emt 0:01:15]} Rg8 {[%emt 0:01:30]} 38. Rh7+ {[%emt 0:00:49]} Kg6 {[%emt 0:00:30]} 39. Rb7 {[%emt 0:00:32]} Kh5 {[%emt 0:00:30]} 40. Rxb6 {[%emt 0:00:03]} Re2+ {[%emt 0:01:30]} 41. Rf2 {[%emt 0:00:09]} Re3 {[%emt 0:00:00]} 42. Rf5+ {[%emt 0:00:58]} Kg4 {[%emt 0:01:00]} 43. Rf4+ {[%emt 0:00:05]} Kh5 {[%emt 0:00:30]} 44. Rh4+ {[%emt 0:00:11]} Kg5 {[%emt 0:00:00]} 45. Rxc6 {[%emt 0:00:04]} Rf8 {[%emt 0:02:00]} 46. Rc5+ {[%emt 0:00:23]} Kg6 {[%emt 0:00:30]} 47. Rg4+ {[%emt 0:00:19]} Kh6 {[%emt 0:00:00]} 48. Rd4 {[%emt 0:01:47]} Rf6 {[%emt 0:01:00]} 49. Rcd5 {[%emt 0:00:27]} Re2+ {[%emt 0:01:30]} 50. Kh3 {[%emt 0:00:05]} Rff2 {[%emt 0:00:30]} 51. Rc4 {[%emt 0:00:18]} Rf6 {[%emt 0:00:30]} 52. Rdc5 {[%emt 0:00:12]} Rff2 {[%emt 0:00:30]} 53. Kg4 {[%emt 0:00:10]} Re3 {[%emt 0:02:30]} 54. Rc6+ {[%emt 0:00:31]} Kg7 $18 {[%emt 0:00:30]} 55. Rc7+ {[%emt 0:00:07]} Kg8 {[%emt 0:00:42]} 56. Rb7 {[%emt 0:00:29]} Re8 {[%emt 0:00:18]} 57. Kh3 {[%emt 0:01:05]} Rd8 {[%emt 0:00:55]} 58. a5 {[%emt 0:00:13]} Rf6 {[%emt 0:00:15]} 59. Rg4+ {[%emt 0:00:31]} Kh8 {[%emt 0:01:57]} 60. Rb5 {[%emt 0:00:23]} 1-0

[Event "Istanbul Open 2018"]
[Site "Istanbul"]
[Date "2018.09.04"]
[Round "5"]
[White "Kelpetin, Umut Can"]
[Black "Ozsakallioglu, Akin"]
[Result "0-1"]
[WhiteElo "1798"]
[BlackElo "1861"]
[Annotator "NA RC"]
[PlyCount "102"]
[EventDate "2018.09.02"]
[EventType "swiss"]
[EventCountry "TUR"]
[SourceTitle "playchess.com"]
[Source "ChessBase"]
[SourceQuality "1"]
[TimeControl "5400+30"]

1. e4 {[%emt 0:01:30]} c5 {[%emt 0:00:30]} 2. Nc3 {[%emt 0:00:00]} Nc6 {[%emt 0:00:00]} 3. f4 {[%emt 0:00:00]} e6 {[%emt 0:00:00]} 4. Nf3 {[%emt 0:00:30]} g6 {[%emt 0:00:30]} 5. Bc4 {[%emt 0:06:30]} Bg7 {[%emt 0:00:30]} 6. f5 {[%emt 0:04:30]} gxf5 {[%emt 0:00:30] LiveBook: 13 Games} 7. d3 {[%emt 0:01:30]} Nge7 {[%emt 0:01:30]} 8. O-O {[%emt 0:00:30] B23: Closed Sicilian: Lines without g3} d5 {[%emt 0:03:30]} 9. exd5 {[%emt 0:04:30]} exd5 {[%emt 0:00:30]} 10. Bb3 {[%emt 0:00:30]} h6 {[%emt 0:01:30]} (10... Be6 11. Qe1 a6 12. Ng5 Nd4 13. Bf4 c4 14. dxc4 dxc4 15. Nxe6 Nxe6 16. Bxc4 {0-1 (33) Degraeve,R (2019)-Jones,G (2665) chess.com INT 2017}) 11. Qe1 $146 {[%emt 0:00:30]} ({Predecessor:} 11. Bf4 a6 12. Re1 Be6 13. a4 b6 14. Ne5 Nxe5 15. Bxe5 Bxe5 16. Rxe5 {½-½ (40) Lastovicka,J-Machacek,P Brno 1973}) 11... Be6 {[%emt 0:00:00]} 12. Qg3 {[%emt 0:05:30]} Rg8 {[%emt 0:03:00]} 13. Qf2 {[%emt 0:01:30]} b6 {[%emt 0:03:30]} 14. Re1 {[%emt 0:14:30]} a6 {[%emt 0:10:30]} 15. Nh4 {[%emt 0:18:30] [#]} Bd4 $1 {[%emt 0:18:30]} 16. Be3 {[%emt 0:00:00]} Bxe3 {[%emt 0:00:30]} 17. Qxe3 {[%emt 0:01:00]} d4 {[%emt 0:03:30]} 18. Qxh6 {[%emt 0:03:30]} dxc3 {[%emt 0:00:30]} 19. Bxe6 {[%emt 0:02:30]} Qd4+ {[%emt 0:02:30]} 20. Kh1 {[%emt 0:02:30]} Rh8 {[%emt 0:07:30]} 21. Bxf7+ {[%emt 0:02:30]} Kd8 {[%emt 0:00:00]} 22. Qe6 $2 {[%emt 0:11:22]} (22. bxc3 $17 Rxh6 23. cxd4 Rxh4 24. dxc5) 22... Rxh4 {[%emt 0:02:00]} 23. Be8 {[%emt 0:04:20]} Kc7 {[%emt 0:01:30]} 24. Qf7 $2 {[%emt 0:04:11] [#]} (24. bxc3 Qd6 25. Qxd6+ Kxd6 26. Bxc6 Nxc6 27. a4) 24... Rxh2+ {[%emt 0:06:30]} (24... Rxe8 $142 $1 25. Qxe8 Qd6) 25. Kxh2 {[%emt 0:00:27]} Qh8+ {[%emt 0:00:30]} 26. Kg1 {[%emt 0:02:01]} Qxe8 {[%emt 0:00:30]} 27. Qxe8 {[%emt 0:01:17]} Rxe8 {[%emt 0:01:30]} 28. bxc3 {[%emt 0:00:26]} Rg8 {[%emt 0:00:30]} 29. Rf1 {[%emt 0:00:58]} Kd6 {[%emt 0:01:30]} 30. Rae1 {[%emt 0:00:59]} (30. a4 $17) 30... Rg4 {[%emt 0:00:00]} 31. c4 {[%emt 0:01:03] [#]} b5 $1 {[%emt 0:01:00]} 32. cxb5 {[%emt 0:00:19]} axb5 {[%emt 0:00:00]} 33. a3 {[%emt 0:02:35]} Ra4 {[%emt 0:00:00]} 34. Rb1 {[%emt 0:00:25]} Nd4 {[%emt 0:00:30]} 35. c3 {[%emt 0:01:36]} Ne2+ {[%emt 0:00:30]} 36. Kf2 $19 {[%emt 0:01:04]} Nxc3 {[%emt 0:00:00]} 37. Rb3 {[%emt 0:00:11]} Rf4+ {[%emt 0:02:00]} 38. Ke1 {[%emt 0:02:47]} Rxf1+ {[%emt 0:00:00]} 39. Kxf1 {[%emt 0:00:31]} Ned5 {[%emt 0:00:00]} 40. Kf2 {[%emt 0:00:30]} Ke5 {[%emt 0:00:30]} 41. Ke1 {[%emt 0:00:30]} Kf4 {[%emt 0:00:30]} 42. Kf2 {[%emt 0:00:30]} b4 {[%emt 0:00:30]} 43. axb4 {[%emt 0:00:30]} cxb4 {[%emt 0:00:30]} 44. g3+ {[%emt 0:00:00]} Kg4 {[%emt 0:00:30]} 45. Kg2 {[%emt 0:00:39]} Nb5 {[%emt 0:02:30]} 46. Kf2 {[%emt 0:00:40]} Nd4 {[%emt 0:00:30]} 47. Rb1 {[%emt 0:00:26]} b3 {[%emt 0:00:30]} 48. Rb2 {[%emt 0:00:41]} Nc3 {[%emt 0:00:30]} 49. Kg2 {[%emt 0:00:30]} Na4 {[%emt 0:00:30]} 50. Rb1 {[%emt 0:00:14]} b2 {[%emt 0:00:00]} 51. Kf2 {[%emt 0:00:16]} Nb5 {[%emt 0:00:00]} 0-1

[Event "Istanbul Open 2018"]
[Site "Istanbul"]
[Date "2018.09.04"]
[Round "5"]
[White "Tinarlioglu, Emre"]
[Black "Gonullu, Muhammed Sinan"]
[Result "0-1"]
[WhiteElo "1796"]
[BlackElo "1816"]
[Annotator "NA RC"]
[PlyCount "88"]
[EventDate "2018.09.02"]
[EventType "swiss"]
[EventCountry "TUR"]
[SourceTitle "playchess.com"]
[Source "ChessBase"]
[SourceQuality "1"]
[TimeControl "5400+30"]

1. e4 {[%emt 0:00:30]} c5 {[%emt 0:00:30]} 2. c3 {[%emt 0:00:00]} g6 {[%emt 0:00:00]} 3. d4 {[%emt 0:00:00]} cxd4 {[%emt 0:00:00]} 4. cxd4 {[%emt 0:00:00]} d5 {[%emt 0:00:00]} 5. e5 {[%emt 0:00:00]} Bg7 {[%emt 0:00:00]} 6. Nc3 {[%emt 0:00:00]} Nc6 {[%emt 0:00:00]} 7. h3 {[%emt 0:00:00]} Nh6 {[%emt 0:01:00] B22: Sicilian: 2 c3} 8. g4 {[%emt 0:00:00]} f6 {[%emt 0:00:30]} 9. f4 {[%emt 0:00:00]} fxe5 {[%emt 0:00:00]} 10. fxe5 {[%emt 0:00:30]} a6 $146 {[%emt 0:04:00]} ({Predecessor:} 10... O-O 11. Bg2 e6 12. Nf3 Bd7 13. Be3 Rc8 14. Qd2 Nf7 15. O-O {1-0 (35) Pavasovic,D (2597)-Lie,K (2526) Dresden 2008}) 11. Bg2 {[%emt 0:00:00]} e6 {[%emt 0:02:30]} 12. Nf3 {[%emt 0:00:00]} Nf7 {[%emt 0:00:30]} 13. O-O {[%emt 0:00:30]} O-O {[%emt 0:00:00]} 14. a4 {[%emt 0:02:30]} Qb6 {[%emt 0:01:00]} 15. Kh1 {[%emt 0:00:00]} Bd7 {[%emt 0:00:30]} 16. Ne2 {[%emt 0:01:00]} Na5 {[%emt 0:01:30]} 17. Bd2 {[%emt 0:14:30]} Rac8 {[%emt 0:04:30]} 18. Bxa5 {[%emt 0:00:00]} Qxa5 {[%emt 0:00:30]} 19. Nc3 {[%emt 0:00:00]} Nd8 {[%emt 0:01:30]} 20. Rc1 {[%emt 0:08:30]} Qb4 {[%emt 0:01:30]} 21. Qd2 {[%emt 0:04:30]} Nc6 {[%emt 0:02:30]} 22. Qe3 {[%emt 0:03:30]} Na5 {[%emt 0:01:30]} 23. Ng5 {[%emt 0:06:30]} Nc4 {[%emt 0:04:30]} 24. Qg3 {[%emt 0:01:30]} Nb6 {[%emt 0:03:30]} ({Don't do} 24... Qxb2 25. Nxd5 exd5 26. Bxd5+ Kh8 27. Qd3 $19) 25. Rxf8+ {[%emt 0:02:30]} Rxf8 {[%emt 0:00:30]} 26. a5 {[%emt 0:05:30]} Qxa5 {[%emt 0:00:30]} 27. Qh4 {[%emt 0:00:30]} h6 {[%emt 0:00:30]} 28. Nf3 {[%emt 0:00:30]} Nc4 {[%emt 0:00:30]} 29. g5 {[%emt 0:07:30]} h5 {[%emt 0:01:30]} 30. Qf2 {[%emt 0:00:30]} Qb6 {[%emt 0:03:30]} 31. Nd1 {[%emt 0:00:30]} Qd8 {[%emt 0:04:30]} 32. Qc2 {[%emt 0:00:30]} Be8 {[%emt 0:04:30]} 33. b3 {[%emt 0:01:30]} Na5 {[%emt 0:01:30]} 34. Nc3 {[%emt 0:02:30]} Nc6 {[%emt 0:00:30]} 35. Na4 {[%emt 0:01:30]} Qe7 {[%emt 0:05:30]} 36. Nc5 {[%emt 0:01:30]} Rxf3 {[%emt 0:03:30]} 37. Bxf3 {[%emt 0:00:30]} Nxd4 {[%emt 0:00:30]} 38. Qg2 {[%emt 0:00:30]} Bc6 {[%emt 0:02:30]} 39. Nd3 {[%emt 0:03:30]} Nxb3 {[%emt 0:03:30]} 40. Rf1 {[%emt 0:00:30]} Nd4 {[%emt 0:00:30]} 41. Bd1 {[%emt 0:00:30]} Nf5 {[%emt 0:00:00]} 42. Kh2 $19 {[%emt 0:00:00]} (42. Qf2 $142) 42... Ne3 {[%emt 0:00:00]} 43. Qf2 {[%emt 0:01:00]} Nxf1+ {[%emt 0:00:30]} 44. Qxf1 {[%emt 0:00:00]} Qxg5 {[%emt 0:00:30]} 0-1